00786nam a2200241Ia 450000100060000000300090000600800410001504000130005604000130006904100130008210000190009510000290011424500430014324500440018625000110023026000100024126000200025126000490027130000570032050001060037765000300048365000310051334509IT-RoPAU130308s9999 xx 000 0 und d aIT-RoPAU cIT-RoPAU aFRANCESE aKristeva Julia gCodice Aut. SPICS: 4996 aGeste (Le), pratique ou communication? bLangages-Pratiques et Langages Gestuels a1a ed. aPARIS bDidier/Larousse c1968 [1° Ed.:1968 - Ed.Ling.Originale:1968] a"17 p. (prefazione: no ; testo: 17 [pagine: 48-64])" aGesto e Comunicazione dal Segno All'Anafora Cinesica Americana Cinesica e Linguistica Codice Gestuale aCOMUNICAZIONE NON VERBALE eCodice materia Spics: 8100